Changing Minds: A Guide to Facilitated Participatory Planning
| Main Author: | |
|---|---|
| Format: | Unknown |
| Published: |
Academic Foundation
2011
|
| LEADER | 00250 a2200085 4500 | ||
|---|---|---|---|
| 020 | |a 9788171888603 | ||
| 100 | |a Cole P. Dodge, Gavin Bennett | ||
| 245 | |a Changing Minds: A Guide to Facilitated Participatory Planning | ||
| 260 | |b Academic Foundation |c 2011 | ||
| 999 | |c 42271 |d 42271 | ||